Transformation of potassium in rubber growing red and laterite soils of South India (Record no. 48695)

MARC details
000 -LEADER
fixed length control field 00583nam a2200157Ia 4500
100 ## - MAIN ENTRY--AUTHOR NAME
Personal name Joseph M.[a]
245 #0 - TITLE STATEMENT
Title Transformation of potassium in rubber growing red and laterite soils of South India
260 ## - PUBLICATION, DISTRIBUTION, ETC. (IMPRINT)
Name of publisher In: Red and lateritic soils of South India. (Eds. J. Sehgal, et al). National Bureau of Soil Survey and Land Use Planning, Nagpur, India, pp. 221-225.
Year of publication 1993
650 ## - SUBJECT ADDED ENTRY--TOPICAL TERM
Topical Term Laterite soil
650 ## - SUBJECT ADDED ENTRY--TOPICAL TERM
Topical Term Red soil
650 ## - SUBJECT ADDED ENTRY--TOPICAL TERM
Topical Term Rubber growing soil
700 ## - ADDED ENTRY--PERSONAL NAME
Personal name Karthikakuttyamma M.
700 ## - ADDED ENTRY--PERSONAL NAME
Personal name Mathew M.
942 ## - ADDED ENTRY ELEMENTS (KOHA)
Koha item type Bibliography STAF
Holdings
Withdrawn status Lost status Damaged status Not for loan Home library Current library Shelving location Date acquired Koha item type
      Bibliography RRII Library RRII Library Agronomy 09/04/2014 Bibliography STAF